[Event "Schleswig Holstein-ch U14"]
[Site "Neumuenster"]
[Date "2011.04.29"]
[Round "7"]
[White "Faden, Maximilian"]
[Black "Otto, Maximilian"]
[Result "1/2-1/2"]
[WhiteElo "1499"]
[BlackElo "1411"]
[PlyCount "104"]
[EventDate "2011.04.25"]
[EventType "tourn"]
[EventRounds "9"]
[EventCountry "GER"]
[SourceTitle "EXT 2023"]
[Source "ChessBase"]
[SourceDate "2022.10.05"]
[SourceVersion "1"]
[SourceVersionDate "2022.10.05"]
[SourceQuality "1"]

1. d4 Nf6 2. c4 e6 3. Nf3 Be7 4. Nc3 Bb4 5. Bg5 0-0 6. e3 d5 7. Rc1 b6 8. cxd5 exd5 9. Bb5 Bb7 10. 0-0 Be7 11. Ne5 Nbd7 12. Nc6 Bxc6 13. Bxc6 Rb8 14. Qb3 h6 15. Bxf6 Nxf6 16. Nxd5 Nxd5 17. Bxd5 Qd7 18. Rfe1 Rbd8 19. Bc6 Qf5 20. Qc2 Qxc2 21. Rxc2 Bd6 22. d5 Be5 23. b3 Rd6 24. Rc4 f5 25. Bb7 Rdf6 26. Bc6 Rd8 27. a4 a5 28. Rb1 Bd6 29. Rd1 Bc5 30. Rd3 Bd6 31. Rd2 Bb4 32. Rdc2 Bc5 33. h3 Kh8 34. Kf1 Bd6 35. Re2 Bc5 36. e4 fxe4 37. Rcxe4 Rff8 38. Re8 Rfxe8 39. Rxe8+ Rxe8 40. Bxe8 Kg8 41. Bc6 Kf7 42. Ke2 Ke7 43. f4 Kf6 44. Kf3 Kf5 45. g4+ Kf6 46. Kg3 Bd6 47. Kf3 Bc5 48. h4 g5 49. fxg5+ hxg5 50. h5 Bd6 51. Ke4 Bf8 52. Bb5 Be7 1/2-1/2

[Event "Schleswig Holstein-ch U14"]
[Site "Neumuenster"]
[Date "2011.04.26"]
[Round "2"]
[White "Borukhson, David"]
[Black "Otto, Maximilian"]
[Result "1-0"]
[WhiteElo "1557"]
[BlackElo "1411"]
[PlyCount "84"]
[EventDate "2011.04.25"]
[EventType "tourn"]
[EventRounds "9"]
[EventCountry "GER"]
[SourceTitle "EXT 2023"]
[Source "ChessBase"]
[SourceDate "2022.10.05"]
[SourceVersion "1"]
[SourceVersionDate "2022.10.05"]
[SourceQuality "1"]

1. e4 e5 2. Nf3 Nc6 3. Bb5 Nf6 4. d3 d6 5. c3 Be7 6. 0-0 a6 7. Ba4 b5 8. Bb3 Na5 9. Bc2 c5 10. d4 Qc7 11. a4 Bb7 12. Re1 0-0 13. b4 Nc6 14. d5 Nb8 15. a5 Nbd7 16. Nbd2 Rac8 17. Ra2 cxb4 18. cxb4 Ba8 19. Nf1 Qc4 20. Rb2 Rfd8 21. Ne3 Qc7 22. Nf5 Bf8 23. N3h4 g6 24. Nh6+ Bxh6 25. Bxh6 Qc3 26. Qb1 Qd4 27. Rf1 Qa7 28. Be3 Qc7 29. Bd3 Qb8 30. h3 Rc3 31. Bd2 Rc7 32. Rb3 Rdc8 33. Qb2 Ne8 34. f4 Ng7 35. Nf3 f6 36. f5 gxf5 37. exf5 Bxd5 38. Rc3 e4 39. Rxc7 Rxc7 40. Bf4 Rc6 41. Nd4 exd3 42. Nxc6 Bxc6 1-0

[Event "Schleswig Holstein-ch U14"]
[Site "Neumuenster"]
[Date "2011.04.26"]
[Round "3"]
[White "Otto, Maximilian"]
[Black "Krause, Benedict"]
[Result "0-1"]
[WhiteElo "1411"]
[BlackElo "1746"]
[PlyCount "97"]
[EventDate "2011.04.25"]
[EventType "tourn"]
[EventRounds "9"]
[EventCountry "GER"]
[SourceTitle "EXT 2023"]
[Source "ChessBase"]
[SourceDate "2022.10.05"]
[SourceVersion "1"]
[SourceVersionDate "2022.10.05"]
[SourceQuality "1"]

1. e4 c5 2. Nc3 Nc6 3. g3 g6 4. d3 Bg7 5. Bg2 d6 6. f4 e6 7. Nf3 Nge7 8. 0-0 0-0 9. Ne2 Nd4 10. c3 Nxe2+ 11. Qxe2 Rb8 12. g4 b5 13. h3 b4 14. Bd2 a5 15. Rac1 Ba6 16. Ne1 Nc6 17. Qe3 Qd7 18. Qg3 bxc3 19. Bxc3 Nd4 20. Rf2 a4 21. h4 f5 22. h5 gxh5 23. gxh5 Kh8 24. Bf1 Rg8 25. Qh3 Ne2+ 26. Rxe2 Bxc3+ 27. Rg2 Bxb2 28. Rcc2 Bd4+ 29. Kh2 fxe4 30. Rxg8+ Rxg8 31. dxe4 Bxf1 32. Qxf1 Rg1 33. Qe2 Qg7 34. Ng2 Rb1 35. Qf3 Bg1+ 36. Kh3 Bf2 37. Kh2 Bg3+ 38. Qxg3 Rh1+ 39. Kxh1 Qxg3 40. Rd2 Qf3 41. Rxd6 Qxe4 42. h6 Kg8 43. Rd1 c4 44. Re1 Qd5 45. Re5 Qc6 46. Rg5+ Kf8 47. Rg7 c3 48. Rxh7 c2 49. Rh8+ 0-1